Agriculture, trade and the environment <the> arable crop sector

Guardado en:
Detalles Bibliográficos
Formato: Libro
Lenguaje:inglés
Publicado: Paris OECD 2005
Materias:
Etiquetas: Agregar Etiqueta
Sin Etiquetas, Sea el primero en etiquetar este registro!

MARC

LEADER 00000nam$a2200000$$$4500
001 0038119
005 20221129082359.9
020 |a 92-64-00996-5 
041 0 |a eng 
044 |a FR 
245 1 0 |a Agriculture, trade and the environment  |b <the> arable crop sector 
264 1 |a Paris  |b OECD  |c 2005 
300 |a 322 s. 
610 2 0 |a plodiny poľnohospodárske 
610 2 0 |a politika poľnohospodárska 
610 2 0 |a obchod 
610 2 0 |a prostredie životné 
610 2 0 |a liberalizácia 
610 2 0 |a poľnohospodárstvo 
610 2 0 |a regulácia